Język niemiecki - słownictwo (Deutschtour 7, przybory szkolne) wariant - Statystyki

Ogólne statystyki
  • Ten quiz został rozwiązany 36 razy
  • Średni wynik to 7 z 31
Statystyki odpowiedzi
Hint Odpowiedź % Poprawnych
książka das Buch
100%
marker der Marker
61%
zeszyt das Heft
57%
linijka das Lineal
52%
ołówek der Bleistift
52%
długopis der Kuli
52%
nożyczki die Schere
43%
gumka do mazania der Radiergummi
35%
cyrkiel der Zirkel
30%
pędzel der Pinsel
26%
telefon komórkowy das Handy
22%
gimnazjum das Gymnasium
17%
pióro der Füller
17%
szkoła die Schule
17%
kredka der Buntstift
13%
gitara die Gitarre
13%
szkoła podstawowa die Grundschule
13%
ulubiony przedmiot das Lieblingsfach
9%
temperówka das Spitzer
9%
kalkulator der Taschenrechner
9%
plan lekcji der Stundenplan
4%
błyszczyk das Lipgloss
0%
prowiant das Pausenbrot
0%
strój gimnastyczny der Turnzeug
0%
kółko zainteresowań die Arbeitsgemenschaft
0%
kółko biologiczne die Bio-AG
0%
kółko komputerowe die Computer-AG
0%
piórnik die Federtasche
0%
przedmioty szkolne die Schulfächer
0%
przybory szkolne die Schulsachen
0%
szkolny zespół muzyczny sie Schulband-AG
0%
Nie znaleziono quizów pasujących do podanych kryteriów
Rozkład punktacji
Procent ludzi z każdym wynikiem
Percentyl według liczby udzielonych odpowiedzi
Twoja historia wyników
Nie rozwiązałeś tego quizu